LIBRARY & INFORMATION CENTRE, KCAET, TAVANUR

ONLINE PUBLIC ACCESS CATALOGUE (OPAC)

Normal view MARC view
  • Rattan, Lal

Entry Personal Name

Number of records used in: 3

001 - CONTROL NUMBER

  • control field: 450

003 - CONTROL NUMBER IDENTIFIER

  • control field: OSt

005 - DATE AND TIME OF LATEST TRANSACTION

  • control field: 20160616110157.0

008 - FIXED-LENGTH DATA ELEMENTS

  • fixed length control field: 160616|| aca||aabn | a|a d

040 ## - CATALOGING SOURCE

  • Original cataloging agency: OSt
  • Transcribing agency: OSt

100 ## - HEADING--PERSONAL NAME

  • Personal name: Rattan, Lal

670 ## - SOURCE DATA FOUND

  • Source citation: Work cat.: (OSt): Advance in Soil science: Soil Quality And Biofuel Production, 2014
free website counter